000
00305nam a2200109Ia 4500
008
200302s9999 xx 000 0 und d
100
_a
Jean Choi & Others
245
_a
Pidgin N0 Seven Princeton University School Architecture
260
_b
Princeton Architectural Press
260
_c
1837
300
_a
198 P.,
999
_c
2746
_d
2746